| 000 | 00504nam a2200181Ia 4500 | ||
|---|---|---|---|
| 999 |
_c29110 _d29110 |
||
| 003 | OSt | ||
| 005 | 20201223105011.0 | ||
| 008 | 190216s9999||||xx |||||||||||||| ||und|| | ||
| 020 | _a9788126414239 | ||
| 040 | _coclc | ||
| 082 |
_a894.8128 _bRAV/A |
||
| 100 |
_aRavikumar, K S _96985 |
||
| 245 | 0 |
_aAkhyanathinte Adarukal / _cK S Ravikumar |
|
| 260 |
_bD C Books, _aKottayam: _c2007. |
||
| 300 | _a203p | ||
| 650 | _aPadanam | ||
| 942 |
_cBK _2ddc _h894.8128 _iRAV/A _k894.8128 _mRAV/A |
||